| 000 | 00403nam a22001697a 4500 | ||
|---|---|---|---|
| 003 | CEME | ||
| 005 | 20210628205903.0 | ||
| 008 | 210204b xxu||||| |||| 00| 0 eng d | ||
| 040 | _c. | ||
| 082 | _a891.4395 IRF | ||
| 100 |
_aIrfan Siddique _977399 |
||
| 245 | _aNakshaay khayaal | ||
| 260 |
_aLAHORE _bILMO-IRFAN _c2003 |
||
| 300 | _a395P | ||
| 650 |
_aURDU ADAB-MAZAMINES _977400 |
||
| 942 |
_cBK _2ddc |
||
| 999 |
_c582672 _d582672 |
||